| 000 | 01616nam a2200373 c 4500 | ||
|---|---|---|---|
| 003 | BLK | ||
| 005 | 20250704095713.0 | ||
| 008 | 180408b bul|||||r ||||||| ||bul|| | ||
| 010 | _aKNG00045728000 | ||
| 020 |
_a978-954-28-0758-2 _bиздат.: Ciela Soft and Publ. |
||
| 040 | _aBLK | ||
| 041 |
_aBUL _cBUL |
||
| 072 | 7 |
_2bullib _aН83 _xЧужда художествена литература Н |
|
| 080 |
_aНемска литература _b821.112.2 _x-31 _z821.112.2-31 |
||
| 100 | 1 |
_aСаид, Курбан _eпърви автор _gНусимбаум, Лев Абрамович _9278051 |
|
| 700 | 1 |
_aСтефанова, Величка _eпрев. от нем. _9365974 |
|
| 700 | 1 |
_aНусимбаум, Лев Абрамович _e* _9278052 |
|
| 139 |
_aСаид, Курбан _bС 13 |
||
| 245 | 1 | 0 |
_aАли и Нино _bРоман _cКурбан Саид; прев. от нем. Величка Стефанова; * Лев Абрамович Нусимбаум. |
| 257 | _aDEU | ||
| 260 |
_аСофия _bCiela Soft and Publ. _c2010 _fСофия : Д. Благоев |
||
| 300 |
_a254 с. _c21 см |
||
| 380 | _aX | ||
| 490 | 1 | _aClio : Исторически романи | |
| 500 | _a1. изд. 1943. - Ориг. загл. Ali Nino / Kurban Said. - Курбан Саид - псевд. на Лев Абрамович Нусимбаум. | ||
| 653 | _aромани | ||
| 659 | _aН | ||
| 852 | _aЦб 254236 | ||
| 856 | 4 |
_qpdf _u |
|
| 856 | 4 |
_qpdf _u |
|
| 942 |
_cKNG _n0 _011 |
||
| 944 |
_aCR _c05.01.2012 _k30576 _lЦветомила Тодорова |
||
| 944 |
_aED _c06.08.2013 _k |
||
| 999 |
_c42075 _d42075 |
||